A HANDS ON INTRODUCTION TO FORENSIC SCIENCE (Record no. 15794)

MARC details
000 -LEADER
fixed length control field 00288nam a22001337a 4500
003 - CONTROL NUMBER IDENTIFIER
control field SGT
020 ## - INTERNATIONAL STANDARD BOOK NUMBER
International Standard Book Number 9781482234909
082 ## - DEWEY DECIMAL CLASSIFICATION NUMBER
Item number OKU
100 ## - MAIN ENTRY--PERSONAL NAME
Personal name OKUDA, MARK M.
245 ## - TITLE STATEMENT
Title A HANDS ON INTRODUCTION TO FORENSIC SCIENCE
260 ## - PUBLICATION, DISTRIBUTION, ETC. (IMPRINT)
Name of publisher, distributor, etc CRC PRESS
Year of Publication 2015
300 ## - PAGE DESCRIPTION
No. of Pages 493
942 ## - ADDED ENTRY ELEMENTS (KOHA)
Source of classification or shelving scheme Dewey Decimal Classification
Koha item type Books
Holdings
Withdrawn status Lost status Source of classification or shelving scheme Damaged status Not for loan Collection code Home library Current library Shelving location Date acquired Vendor Name SGTU Bill Number Total Checkouts Full call number Accession No. (Barcode) Date last seen Date last borrowed Bill Date Koha item type
    Dewey Decimal Classification   Not For Loan SCIENCE SGT Science & Social Sciences Library SGT Science & Social Sciences Library Reference Book 16/08/2018 AHUJA BOOKS COMPANY SGTU 10014 1 OKU PS4543 20/01/2020 06/01/2020   Books